书目信息 |
| 题名: |
国家公务员考试面试标准用书
|
|
| 作者: | 郑耀洲 编写 | |
| 分册: | ||
| 出版信息: | 北京 中国人事出版社 2005.03 |
|
| 页数: | 189页 | |
| 开本: | 26cm | |
| 丛书名: | ||
| 单 册: | ||
| 中图分类: | D630.3 | |
| 科图分类: | ||
| 主题词: | 公务员--Gong Wu Yuan--资格考核--中国--自学参考资料 | |
| 电子资源: | 768572.htm | |
| ISBN: | 7-80139-989-7 | |
| 000 | 00935nam0 2200277 450 | |
| 001 | CAL 012003120120 | |
| 005 | 20050603113754.56 | |
| 010 | @a7-80139-989-7@d23.00CNY | |
| 099 | @aCAL 012003120120 | |
| 100 | @a20030421d2005 ekmy0chiy0120 ea | |
| 101 | 0 | @achi |
| 102 | @aCN@b110000 | |
| 105 | @ak z 000yy | |
| 200 | 1 | @a国家公务员考试面试标准用书@Aguo jia gong wu yuan kao shi mian shi biao zhun yong shu@f郑耀洲等编写@Fzheng yao zhou deng bian xie |
| 210 | @a北京@c中国人事出版社@d2005.03 | |
| 215 | @a189页@d26cm | |
| 330 | @a本书分为国家公务员报考实务、国家公务员录用面试、国家公务员心理素质测评三部分内容。 | |
| 606 | 0 | @a公务员@AGong Wu Yuan@x资格考核@y中国@j自学参考资料 |
| 690 | @aD630.3@v4 | |
| 701 | 0 | @a郑耀洲@Azheng yao zhou@4编写 |
| 801 | 2 | @aCN@bBUA@c20050603 |
| 801 | 0 | @aCN@b北京万源信海@c20030421 |
| 856 | 4 | @u768572.htm |
| 905 | @a10447@dD630.3@eZ459 | |
| 906 | @dCNY25.00@n0@r1 | |
| 998 | @aBUA | |
| 国家公务员考试面试标准用书/郑耀洲等编写.-北京:中国人事出版社,2005.03 |
| 189页;26cm |
| ISBN 7-80139-989-7:23.00CNY |
| 本书分为国家公务员报考实务、国家公务员录用面试、国家公务员心理素质测评三部分内容。 |
| ● |
| 相关链接 |
|
|
|
正题名:国家公务员考试面试标准用书
索取号:D630.3/Z459
 
预约/预借
| 序号 | 登录号 | 条形码 | 馆藏地/架位号 | 状态 | 备注 |
| 1 | 535395 | 205353954 | 社科库509/509社科库 74排1列5层/ [索取号:D630.3/Z459] | 在馆 | |
| 2 | 535396 | 205353963 | 社科库509/509社科库 74排1列5层/ [索取号:D630.3/Z459] | 在馆 | |
| 3 | 535397 | 205353972 | 社科库509/509社科库 74排1列5层/ [索取号:D630.3/Z459] | 在馆 | |
| 4 | 535398 | 205353981 | 社科库509/509社科库 74排1列5层/ [索取号:D630.3/Z459] | 在馆 | |
| 5 | 535399 | 205353990 | 社科库509/509社科库 74排1列5层/ [索取号:D630.3/Z459] | 在馆 |